Central Library, Doon University
WEBOPAC (ONLINE PUBLIC ACCESS CATALOGUE)

Fundamentals of Genetics (Record no. 60673)

MARC details
000 -LEADER
fixed length control field 00518nam a22001937a 4500
005 - DATE & TIME
control field 20260422125747.0
008 - FIXED-LENGTH DATA ELEMENTS--GENERAL INFORMATION
fixed length control field 260422b |||||||| |||| 00| 0 eng d
020 ## - ISBN
International Standard Book Number 9788195237289
Price 1495.00
040 ## - CATALOGING SOURCE
Original cataloging agency Doon University
041 ## - Language
Language English
082 ## - DDC NUMBER
Classification number 575.1
Book Number RAS
100 ## - MAIN ENTRY--PERSONAL NAME
Personal name Rastogi, Veer Bala
245 ## - TITLE STATEMENT
Title Fundamentals of Genetics
260 ## - PUBLICATION, DISTRIBUTION, ETC. (IMPRINT)
Place of publication, distribution, etc New Delhi
Name of publisher, distributor, etc MedTech Science Press
Date of publication, distribution, etc 2022
300 ## - PHYSICAL DESCRIPTION
Pages 766
650 ## - Subject
Subject Biological Science (PM USHA)
700 ## - Added Entry Personal Name
Added Entry Personal Name Ratogi, Nirvika
942 ## - ADDED ENTRY ELEMENTS (KOHA)
Koha item type Books
100 ## - MAIN ENTRY--PERSONAL NAME
-- 13688
650 ## - Subject
-- 26674
700 ## - Added Entry Personal Name
-- 26677
952 ## - LOCATION AND ITEM INFORMATION (KOHA)
-- 2026-04-22
952 ## - LOCATION AND ITEM INFORMATION (KOHA)
-- 2026-04-22
952 ## - LOCATION AND ITEM INFORMATION (KOHA)
-- 2026-04-22
952 ## - LOCATION AND ITEM INFORMATION (KOHA)
-- 2026-04-22
952 ## - LOCATION AND ITEM INFORMATION (KOHA)
-- 2026-04-22
Holdings
Withdrawn status Lost status Source of classification or shelving scheme Damaged status Not for loan Location (home branch) Sublocation or collection (holding branch) Date acquired Koha issues (times borrowed) Koha full call number Accession No. Koha date last seen Koha item type
          Doon University Doon University 22.04.2026   575.1 RAS 32658 22.04.2026 Books
          Doon University Doon University 22.04.2026   575.1 RAS 32659 22.04.2026 Books
          Doon University Doon University 22.04.2026   575.1 RAS 32660 22.04.2026 Books
          Doon University Doon University 22.04.2026   575.1 RAS 32661 22.04.2026 Books
          Doon University Doon University 22.04.2026   575.1 RAS 32662 22.04.2026 Books
Contact : +91-135-2533126 (Library),+91-135-2533105 (Admin Office) , Email : doonlibrary@gmail.com

Powered by Koha